League of Legends - Les supports - Statistiques

Statistiques générales
  • Ce quiz a été pris 613 fois
  • Le résultat moyen est 16 sur 33
Statistiques - réponses
Hint Réponse % Correct
13 Lulu
71%
14 Lux
71%
5 Braum
66%
1 Alistar
64%
12 Leona
64%
29 Thresh
64%
23 Sona
61%
24 Soraka
61%
9 Janna
60%
16 Nami
60%
33 Zyra
60%
19 Pyke
59%
30 Yuumi
59%
15 Morgana
58%
4 Bard
56%
21 Senna
56%
22 Seraphine
54%
20 Rakan
50%
3 Ashe
48%
31 Zilean
46%
10 Karma
45%
28 Taric
42%
2 Anivia
36%
32 Zoé
36%
26 Tahm Kench
34%
17 Neeko
31%
7 Heimerdinger
26%
8 Ivern
25%
18 Orianna
23%
11 Kayle
22%
27 Taliyah
19%
25 Syndra
18%
6 Fiddlesticks
16%
Aucun quiz correspondant
Distribution des résultats
% des personnes avec chaque résultat
Percentile par nombre de réponses
Votre historique - résultats
Vous n’avez pas pris ce quiz